000 01201cam a2200313 a 4500
001 3089660
003 OSt
005 20160425115831.0
008 980727s1999 enka b 001 0 eng
010 _a 98038617
020 _a 0716710889
020 _a 978-0716710882
040 _aDLC
_cDLC
_dDLC
050 0 0 _aQC311
_b.B293 1999
082 0 0 _a536.7
_221
_bKIT 1980
100 1 _aKittel, Charles; Kroemer, Herbert
_98097
245 1 0 _aThermal physics /
260 _aNew York; W.H. Freeman & Co, 1980
_a
300 _axvi,473p; ill: 26cm
504 _aReferences & index included
650 0 _aThermodynamics.
_98098
650 0 _aThermal physics
_98099
856 4 2 _3Publisher description
_uhttp://www.loc.gov/catdir/description/cam029/98038617.html
856 4 1 _3Table of contents
_uhttp://www.loc.gov/catdir/toc/cam028/98038617.html
906 _a7
_bcbc
_corignew
_d1
_eocip
_f19
_gy-gencatlg
942 _2ddc
_cO_SHELF
999 _c3638
_d3638